000 00815nam a22001937a 4500
999 _c175935
_d175935
005 20201013130313.0
010 _aUR-10886
020 _c75.00
_a9789390100552
035 _aU-9441
037 _bDBAD/PUB
082 _a650.114
100 _aا نو ر آ فا قی
245 _aپرو فيسر منا ظر عا شق ہر گا نو ی سے گفتگو
_cا نو ر آ فا قی
246 _bProf. Manazir Ashiq Harganvi Se Guftugu (Urdu)
_aby Anwar Afaqi
260 _aN.Delhi
_bEducational Publishing House
_c2020 ء
270 _aH.O.D1/16,Ansari Road,Darya ganj,
_bN.Delhi
_e110002
_k45678285,23216162
_l0091-11-23211540
300 _a64 ص
_c22 Cm(Hb)
942 _2ddc
_cUR
_h650.114
_mا ن و